Government deficit/surplus in the EU - Statistics

General Stats
  • This quiz has been taken 12 times
  • The average score is 15 of 28
Answer Stats
Government
Deficit/Surplus
(million)
Government
Deficit/Surplus
%
Country % Correct
20,923 0.7 Germany
89%
27 0.1 Estonia
78%
7,610 0.2 Sweden
78%
-5,752 -2.8 Finland
67%
-76,509 -3.5 France
67%
-309 -1.3 Latvia
67%
796 1.6 Luxembourg
67%
-7,821 -4.4 Portugal
67%
-55,163 -5.1 Spain
67%
-10,346 -2.5 Belgium
56%
-28,607 -0.6 Czechia
56%
-13,237 -7.5 Greece
56%
-533,902 -1.6 Hungary
56%
-12,759 -1.9 Netherlands
56%
-45,976 -2.6 Poland
56%
-5,387 -0.8 Romania
56%
-2,130 -2.7 Slovakia
56%
-3,543 -1.0 Austria
44%
-11,027 -3.3 Croatia
44%
-34,278 -1.7 Denmark
44%
-4,786 -1.9 Ireland
44%
-42,931 -2.6 Italy
44%
-76 -0.2 Lithuania
44%
-120 -1.4 Malta
44%
-1,031 -2.7 Slovenia
44%
-1,490 -1.7 Bulgaria
33%
-196 -1.1 Cyprus
33%
-81,071 -4.3 United Kingdom
33%
No matching quizzes found
Score Distribution
Percent of People with Each Score
Percentile by Number Answered
Your Score History
You have not taken this quiz